000
00201nam a22000977a 4500
999
_c
15804
_d
15804
003
OSt
008
191021b ||||| |||| 00| 0 eng d
100
_a
Uroob
_9
4296
245
_a
Neelavelicham
942
_c
BK